Stadtbezirke (Österreich) - Statistiken

Allgemein
  • Dieses Quiz wurde 31 mal gespielt
  • Das Durchschnittsergebnis liegt bei 10 aus 20
Antwortstatistiken
Stadtbezirk Stadt % Korrekt
Favoriten, Leopoldstadt, Margareten Wien
100%
Froschberg, St. Magdalena, Urfahr Linz
93%
Jakomini, Gries, Eggenberg Graz
74%
Igls, Hötting, Pradl Innsbruck
74%
Mülln, Liefering, Maxglan Salzburg
67%
Völkendorf, Landskron, Fellach Villach
67%
Annabichl, St. Peter, St. Martin Klagenfurt
63%
Christkindl, Föhrenschacherl, Jägerberg Steyr
56%
Pottenbrunn, Viehofen, Spratzern St. Pölten
56%
Ungarviertel, Josefstadt, Zehnerviertel Wiener Neustadt
52%
Weidling, Kritzendorf, Kierling Klosterneuburg
48%
Fluh, Vorkloster, Rieden Bregenz
44%
Levis, Gisingen, Tisis Feldkirch
44%
Bernardin, Lichtenegg, Wimpassing Wels
37%
Braiten, Rauhenstein, Leesdorf Baden
33%
Rohrbach, Hatlerdorf, Hasselstauren Dornbirn
33%
Oedt, St. Martin, St. Dionysen Traun
33%
Rufling, Holzheim, Haag Leonding
30%
Weinzierl, Rehberg, Lerchenfeld Krems an der Donau
22%
St. Stefan, Siegelsdorf, Gräbern Wolfsberg
15%
Keine übereinstimmenden Quizze gefunden
Verteilung der Resultate
Anzahl Personen mit jedem Resultat
Perzentil nach korrekt beantworteten Fragen
Ihre Resultats-Entwicklung
Sie haben dieses Quiz noch nicht gespielt